| 000 | 00985cad a22001935a 4500 | ||
|---|---|---|---|
| 001 | L157198 | ||
| 008 | 120918s2012 xxk f 000 0 eng d | ||
| 035 | _a(Sirsi) u157198 | ||
| 041 | 0 | _aeng | |
| 110 | 2 |
_aConfederation of British Industry _9414 |
|
| 245 | 0 | 0 |
_aBetter connected better business _bCBI/KPMG infrastructure survey _h[electronic resource] |
| 260 |
_bCBI _c2012 |
||
| 520 | _aCBI/KPMG infrastructure survey of 568 business leaders shows that businesses are concerned that critical infrastructure improvements are not happening quickly enough and want to see urgent government delivery. Transport infrastructure is the area of greatest concern with three quarters of firms not expecting to see any improvements in this area over the next five years. | ||
| 590 | _aKA NTK | ||
| 651 | 4 |
_aUnited Kingdom _y |
|
| 690 |
_aInfrastructure _96246 |
||
| 856 | 4 | 0 |
_uhttps://www.cbi.org.uk/media/1744517/is2012_final.pdf _zView the item free of charge at www.cbi.org.uk |
| 942 | _n0 | ||
| 999 |
_c114646 _d114646 |
||